000 00789nam a22002177a 4500
003 UA-OsUOA
001 58146
007 ta
008 20090128b un ||||| |||| 00| 0 ukr d
100 _aКарамани Д.
090 _a32
_bК21
942 _cSA
040 _aUA-OsUOA
_brus
_cUA-OsUOA
_dUA-OsUOA
245 _aНационализация политики: Формирование центра, строительство системы и политическое структурирование взаимодействий между национальным государством и Европейским союзом. (Реферат)
300 _aС.69-80
955 _a0
041 _arus
080 _a32
773 0 _w58144
650 7 _a32 Політика
_2UDC
999 _c344229
_d344229